| 000 | 00562nam a22001457a 4500 | ||
|---|---|---|---|
| 008 | 180505b xxu||||| |||| 00| 0 eng d | ||
| 082 |
_a708 _bM921l |
||
| 100 |
_aMotta, Carlos _95849 |
||
| 110 |
_aUniversidad Nacional de Colombia _96266 |
||
| 245 | _aLágrimas | ||
| 260 |
_aColombia _bEdiciones Popolet _c2017 |
||
| 300 |
_a16 p. _c15 cm |
||
| 650 |
_2Videoarte _xArte contemporáneo _xArte -Exhibiciones _xArte - Inequidad social _xArte - Colecciones _xArte - Deformidades médicas _xSotomayor, Hugo - Antropólogo _96267 |
||
| 700 |
_aSáenz, María Belen (Curador) _96268 |
||
| 999 |
_c1439 _d1439 |
||